[Event "Gatineau Pentes U1600"]
[Site "Gatineau"]
[Date "2019.02.19"]
[Round "4"]
[White "Berthiaume, Serge"]
[Black "Seguin, Hubert"]
[Result "0-1"]
[WhiteElo "1456"]
[BlackElo "1552"]
[PlyCount "82"]
[EventDate "2019.01.22"]
[EventType "swiss"]
[EventRounds "5"]
[EventCountry "CAN"]
[SourceTitle "EXT 2022"]
[Source "ChessBase"]
[SourceDate "2021.10.06"]
[SourceVersion "1"]
[SourceVersionDate "2021.10.06"]
[SourceQuality "1"]

1. d4 d5 2. Bf4 Bf5 3. e3 Nf6 4. Nf3 Ne4 5. Nh4 e6 6. Nxf5 exf5 7. Nd2 Nf6 8. c3 Bd6 9. Bg5 0-0 10. Bd3 h6 11. Bh4 g5 12. Bg3 Ne4 13. Bxd6 Qxd6 14. f3 Nxd2 15. Qxd2 Re8 16. Bxf5 Qf4 17. e4 Qxf5 18. 0-0-0 dxe4 19. Rde1 Nd7 20. Rhf1 exf3 21. Rxe8+ Rxe8 22. Rxf3 Qe4 23. Rf1 Qe3 24. Kd1 Qxd2+ 25. Kxd2 Kg7 26. Rf5 Re6 27. c4 Rf6 28. Rd5 Nb6 29. Rc5 c6 30. b3 Kg6 31. Ra5 a6 32. Ke3 Rf4 33. Ra3 Rf1 34. Ke2 Rc1 35. Ra5 Rc2+ 36. Kf3 f5 37. h3 Rd2 38. c5 Nd5 39. Ra4 Nc3 40. Rb4 Nb5 41. Ke3 Rxa2 0-1

[Event "Gatineau Premiers Flocons"]
[Site "Gatineau"]
[Date "2018.11.27"]
[Round "2"]
[White "Seguin, Hubert"]
[Black "Labrie, Dany"]
[Result "1-0"]
[WhiteElo "1554"]
[BlackElo "1362"]
[PlyCount "87"]
[EventDate "2018.11.27"]
[EventType "swiss"]
[EventRounds "4"]
[EventCountry "CAN"]
[SourceTitle "EXT 2022"]
[Source "ChessBase"]
[SourceDate "2021.10.06"]
[SourceVersion "1"]
[SourceVersionDate "2021.10.06"]
[SourceQuality "1"]

1. e4 c5 2. Nc3 d6 3. d3 Nf6 4. g3 g6 5. Bg2 Bg7 6. f4 Qc7 7. Nf3 Nbd7 8. 0-0 Nb6 9. Be3 0-0 10. h3 Bd7 11. Qd2 a5 12. a4 Nc8 13. e5 Ne8 14. d4 Ra6 15. dxc5 dxc5 16. Nd5 Qc6 17. Nd4 cxd4 18. Nxe7+ Nxe7 19. Bxc6 Bxc6 20. Bxd4 Nc7 21. Bc5 Re8 22. Bxe7 Ne6 23. Bd6 Raa8 24. f5 Nf8 25. f6 Bh8 26. Bxf8 Rxf8 27. Qh6 Rfe8 28. Rae1 Re6 29. Rf4 Rae8 30. Rh4 Bxf6 31. Qxh7+ Kf8 32. Rf4 Bg7 33. Ref1 R8e7 34. Rf6 Be4 35. Rxe6 Rxe6 36. Qh4 Bxe5 37. Qxe4 Re7 38. Re1 Bd4+ 39. Qxd4 Rxe1+ 40. Kf2 Rh1 41. Qc4 Rh2+ 42. Kf3 Rxh3 43. Qc8+ Kg7 44. Qxh3 1-0

[Event "Outaouais-ch Reserves"]
[Site "Gatineau"]
[Date "2018.04.24"]
[Round "4"]
[White "Seguin, Hubert"]
[Black "Ramesh, Sanjay"]
[Result "1-0"]
[WhiteElo "1544"]
[BlackElo "1400"]
[PlyCount "53"]
[EventDate "2018.04.03"]
[EventType "swiss"]
[EventRounds "7"]
[EventCountry "CAN"]
[SourceTitle "EXT 2022"]
[Source "ChessBase"]
[SourceDate "2021.10.06"]
[SourceVersion "1"]
[SourceVersionDate "2021.10.06"]
[SourceQuality "1"]

1. e4 e5 2. Nf3 Nc6 3. Bb5 Nf6 4. 0-0 Bc5 5. Nxe5 Nxe5 6. d4 Bxd4 7. Qxd4 Nc6 8. Qc3 0-0 9. Re1 Re8 10. Bg5 h6 11. Bxf6 Qxf6 12. Qxf6 gxf6 13. Nc3 a6 14. Ba4 Ne7 15. Rad1 c6 16. Rd6 Kg7 17. Re3 a5 18. Bb3 b6 19. Rf3 Ng8 20. Rg3+ Kf8 21. f3 Ke7 22. Rd4 Bb7 23. Rg7 d5 24. exd5 Kf8 25. Rdg4 Ne7 26. d6 Ng6 27. Rxf7+ 1-0

[Event "Gatineau Pere Noel CEH-A"]
[Site "Gatineau"]
[Date "2018.01.09"]
[Round "4"]
[White "Rioux, Jocelyn"]
[Black "Seguin, Hubert"]
[Result "0-1"]
[WhiteElo "1625"]
[BlackElo "1588"]
[PlyCount "108"]
[EventDate "2017.12.05"]
[EventType "swiss"]
[EventRounds "6"]
[EventCountry "CAN"]
[SourceTitle "EXT 2022"]
[Source "ChessBase"]
[SourceDate "2021.10.06"]
[SourceVersion "1"]
[SourceVersionDate "2021.10.06"]
[SourceQuality "1"]

1. e4 c5 2. Nf3 d6 3. d4 cxd4 4. Nxd4 Nf6 5. Nc3 Nc6 6. Be2 g6 7. Be3 Bg7 8. Qd3 0-0 9. 0-0 a6 10. h3 Nxd4 11. Bxd4 e5 12. Be3 Qe7 13. Bb6 Be6 14. Rad1 Ne8 15. a4 Rc8 16. a5 Rc6 17. b4 Bc4 18. Qd2 Bxe2 19. Nd5 Qe6 20. Qxe2 f5 21. f3 Nf6 22. Rd2 Rfc8 23. Qd3 Bh6 24. Re2 Rc4 25. Qb3 Nxd5 26. exd5 Qxd5 27. c3 Qd3 28. Qd1 Qxd1 29. Rxd1 R8c6 30. Rc2 Kf7 31. Rd3 Ke6 32. Kf2 Rxb4 33. cxb4 Rxc2+ 34. Ke1 Rc1+ 35. Kf2 Rc4 36. Rb3 d5 37. b5 d4 38. bxa6 bxa6 39. Ba7 Kd5 40. Rb8 Rc2+ 41. Kf1 Kc4 42. Rb6 Kd3 43. Rxa6 Be3 44. g3 Rf2+ 45. Kg1 Rxf3+ 46. Kg2 Rf2+ 47. Kh1 Ke2 48. Rc6 Kf3 49. Rc1 Bxc1 50. Kg1 Re2 51. Bb6 d3 52. a6 d2 53. Kh1 d1Q+ 54. Bg1 Be3 0-1

[Event "Gatineau Pere Noel CEH-A"]
[Site "Gatineau"]
[Date "2017.12.19"]
[Round "3"]
[White "Seguin, Hubert"]
[Black "Danilov, Alex"]
[Result "0-1"]
[WhiteElo "1588"]
[BlackElo "1680"]
[PlyCount "42"]
[EventDate "2017.12.05"]
[EventType "swiss"]
[EventRounds "6"]
[EventCountry "CAN"]
[SourceTitle "EXT 2022"]
[Source "ChessBase"]
[SourceDate "2021.10.06"]
[SourceVersion "1"]
[SourceVersionDate "2021.10.06"]
[SourceQuality "1"]

1. e4 c5 2. Nc3 e6 3. g3 d5 4. exd5 exd5 5. Bg2 Nf6 6. d3 d4 7. Ne4 Nbd7 8. Qe2 Nxe4 9. Bxe4 Be7 10. f4 0-0 11. Nf3 Nf6 12. 0-0 Bh3 13. Re1 Re8 14. Bd2 Nxe4 15. dxe4 Bg4 16. Qd3 c4 17. Qf1 d3 18. cxd3 cxd3 19. h3 Bc5+ 20. Kg2 Bd7 21. Qxd3 Bxh3+ 0-1

[Event "Gatineau Rentree-B"]
[Site "Gatineau"]
[Date "2017.09.12"]
[Round "1"]
[White "Seguin, Hubert"]
[Black "Arcand, Pierre"]
[Result "1-0"]
[WhiteElo "1597"]
[BlackElo "1315"]
[PlyCount "85"]
[EventDate "2017.09.12"]
[EventType "swiss"]
[EventRounds "6"]
[EventCountry "CAN"]
[SourceTitle "EXT 2022"]
[Source "ChessBase"]
[SourceDate "2021.10.06"]
[SourceVersion "1"]
[SourceVersionDate "2021.10.06"]
[SourceQuality "1"]

1. e4 e5 2. Nf3 Nc6 3. Bb5 Nf6 4. 0-0 d6 5. Re1 Be7 6. d4 exd4 7. Nxd4 Bd7 8. Nc3 Nxd4 9. Bxd7+ Qxd7 10. Qxd4 0-0 11. Bg5 h6 12. Bh4 Ng4 13. Bxe7 Qxe7 14. h3 Ne5 15. f4 Nc6 16. Qd2 Rad8 17. Re2 Nb4 18. a3 Nc6 19. Rae1 Qd7 20. Nd5 Ne7 21. c4 Nxd5 22. Qxd5 c6 23. Qd2 Rfe8 24. Rd1 Re7 25. Qd3 Qc7 26. Red2 Red7 27. Qe3 b6 28. Rd4 c5 29. Rd5 a6 30. R1d3 b5 31. b3 Qa5 32. e5 Qc7 33. Qd2 bxc4 34. bxc4 Qb6 35. Rxd6 Qb1+ 36. Kh2 Rxd6 37. Rxd6 Rxd6 38. exd6 Qf5 39. d7 g5 40. d8Q+ Kg7 41. Qc3+ Kg6 42. Qg8+ Kh5 43. g4+ 1-0

[Event "Gatineau Printemps-A"]
[Site "Gatineau"]
[Date "2017.04.04"]
[Round "3"]
[White "Raymond, Daniel"]
[Black "Seguin, Hubert"]
[Result "1-0"]
[WhiteElo "1786"]
[BlackElo "1548"]
[PlyCount "59"]
[EventDate "2017.03.21"]
[EventType "swiss"]
[EventRounds "4"]
[EventCountry "CAN"]
[SourceTitle "EXT 2022"]
[Source "ChessBase"]
[SourceDate "2021.10.06"]
[SourceVersion "1"]
[SourceVersionDate "2021.10.06"]
[SourceQuality "1"]

1. e4 c5 2. Nf3 Nc6 3. Nc3 g6 4. d4 cxd4 5. Nxd4 Bg7 6. Nb3 a6 7. Be2 Nf6 8. 0-0 d6 9. Kh1 0-0 10. Bg5 h6 11. Be3 b5 12. a3 Bb7 13. f4 e6 14. Bf3 Qe7 15. Qe2 d5 16. Bc5 Qc7 17. Bxf8 Rxf8 18. exd5 exd5 19. Rad1 Re8 20. Qd3 Ne7 21. Nd4 Nd7 22. Nb3 Nc5 23. Nxc5 Qxc5 24. Rfe1 Kf8 25. Re2 b4 26. axb4 Qxb4 27. Nxd5 Nxd5 28. Rxe8+ Kxe8 29. Bxd5 Qxb2 30. Bxb7 1-0

[Event "Gatineau Pere Noel-B"]
[Site "Gatineau"]
[Date "2017.01.10"]
[Round "3"]
[White "Seguin, Hubert"]
[Black "Raymond, Robert"]
[Result "1/2-1/2"]
[WhiteElo "1565"]
[BlackElo "1282"]
[PlyCount "118"]
[EventDate "2016.12.06"]
[EventType "swiss"]
[EventRounds "5"]
[EventCountry "CAN"]
[SourceTitle "EXT 2022"]
[Source "ChessBase"]
[SourceDate "2021.10.06"]
[SourceVersion "1"]
[SourceVersionDate "2021.10.06"]
[SourceQuality "1"]

1. e4 e5 2. Nf3 Nc6 3. Bb5 d6 4. d4 Bd7 5. 0-0 Nf6 6. Nc3 Be7 7. Bg5 0-0 8. dxe5 Nxe5 9. Bxd7 Nfxd7 10. Be3 Bf6 11. Nd4 Nc6 12. Qd2 Nde5 13. Nxc6 Nxc6 14. f4 Re8 15. Rfe1 Bxc3 16. Qxc3 Rxe4 17. Bd2 Qe7 18. Qg3 d5 19. f5 Qe5 20. Bc3 Qxg3 21. hxg3 Rae8 22. Kf2 d4 23. Bd2 Kf8 24. Rad1 R4e5 25. g4 Rxe1 26. Rxe1 Rxe1 27. Kxe1 Ne5 28. Bb4+ Ke8 29. g5 g6 30. f6 Nc4 31. Bc5 Nxb2 32. Bxd4 Nc4 33. Ke2 Kd7 34. Kd3 Nd6 35. g4 a6 36. a4 c6 37. Bb6 Nc8 38. Ba5 b6 39. Bb4 b5 40. a5 Ke6 41. Kd4 Kd7 42. Ke5 Kc7 43. Bc5 Kd7 44. Bb4 Na7 45. Bc5 Nc8 46. c3 Kc7 47. Bb4 Kd7 48. Bc5 Kc7 49. Bb4 Na7 50. Bc5 Nc8 51. Bb4 Kd7 52. Bc5 Kc7 53. Bb4 Kd8 54. Bc5 Kd7 55. Bb4 Kc7 56. Bc5 Kd8 57. Bb4 Kd7 58. Bc5 Ke8 59. Bb4 Kd7 1/2-1/2

[Event "Gatineau Eveil Printanier"]
[Site "Gatineau"]
[Date "2016.03.22"]
[Round "4"]
[White "Jobin, Gilles G"]
[Black "Seguin, Hubert"]
[Result "1-0"]
[WhiteElo "1752"]
[BlackElo "1561"]
[PlyCount "23"]
[EventDate "2016.03.01"]
[EventType "swiss"]
[EventRounds "5"]
[EventCountry "CAN"]
[SourceTitle "EXT 2022"]
[Source "ChessBase"]
[SourceDate "2021.10.06"]
[SourceVersion "1"]
[SourceVersionDate "2021.10.06"]
[SourceQuality "1"]

1. e4 c5 2. c3 Nc6 3. Nf3 d6 4. d4 cxd4 5. cxd4 Nf6 6. Nc3 Bg4 7. d5 Ne5 8. Bb5+ Nfd7 9. Nxe5 Bxd1 10. Bxd7+ Qxd7 11. Nxd7 Kxd7 12. Kxd1 1-0

[Event "Gatineau Nouvel An"]
[Site "Gatineau"]
[Date "2016.02.02"]
[Round "5"]
[White "Rose, Richard1111"]
[Black "Seguin, Hubert"]
[Result "1-0"]
[WhiteElo "1906"]
[BlackElo "1590"]
[PlyCount "75"]
[EventDate "2016.01.05"]
[EventType "swiss"]
[EventRounds "5"]
[EventCountry "CAN"]
[SourceTitle "EXT 2022"]
[Source "ChessBase"]
[SourceDate "2021.10.06"]
[SourceVersion "1"]
[SourceVersionDate "2021.10.06"]
[SourceQuality "1"]

1. e4 c5 2. Nf3 Nc6 3. d4 cxd4 4. Nxd4 g6 5. c3 Bg7 6. Be3 d6 7. Be2 Nf6 8. Nd2 0-0 9. 0-0 Qc7 10. f4 b6 11. e5 dxe5 12. Nxc6 Nd5 13. Bf2 Qxc6 14. c4 Nxf4 15. Bf3 Qf6 16. Bxa8 Bf5 17. Qf3 g5 18. Ne4 Qg6 19. Ng3 g4 20. Nxf5 Qxf5 21. Qe4 Qg5 22. Bc6 f5 23. Qe3 h5 24. Kh1 h4 25. g3 Qg6 26. Bd5+ Nxd5 27. cxd5 f4 28. gxf4 exf4 29. Qe6+ Kh7 30. Qxg6+ Kxg6 31. Bxh4 Rh8 32. Bxe7 g3 33. Rxf4 Rxh2+ 34. Kg1 Be5 35. Re4 Kf5 36. Rae1 Bxb2 37. d6 Rd2 38. R1e2 1-0

[Event "Gatineau Hull CC Reserve-A"]
[Site "Gatineau"]
[Date "2015.12.01"]
[Round "2"]
[White "Scantland, Patrick"]
[Black "Seguin, Hubert"]
[Result "1-0"]
[WhiteElo "1741"]
[BlackElo "1590"]
[PlyCount "67"]
[EventDate "2015.11.24"]
[EventType "swiss"]
[EventRounds "5"]
[EventCountry "CAN"]
[SourceTitle "EXT 2022"]
[Source "ChessBase"]
[SourceDate "2021.10.06"]
[SourceVersion "1"]
[SourceVersionDate "2021.10.06"]
[SourceQuality "1"]

1. d4 d5 2. c4 c6 3. Nf3 Nf6 4. Nc3 g6 5. Bf4 Bg7 6. e3 0-0 7. Bd3 Nbd7 8. cxd5 cxd5 9. 0-0 b6 10. Rc1 Bb7 11. Nb5 a6 12. Nc7 Ra7 13. Qb3 b5 14. Qa3 Nb6 15. Nxb5 Ra8 16. Nc7 Ra7 17. Ne5 Nfd7 18. Nc6 Bxc6 19. Rxc6 e5 20. dxe5 Rxc7 21. Rxc7 Qxc7 22. e6 Ne5 23. exf7+ Qxf7 24. Bxe5 Bxe5 25. b3 Ra8 26. e4 Qb7 27. Qb4 Rd8 28. exd5 Qxd5 29. Qxb6 Qxd3 30. Qe6+ Kf8 31. Qxe5 Re8 32. Qh8+ Ke7 33. Re1+ Kd6 34. Qxe8 1-0

[Event "Gatineau Hull CC 35 Ann"]
[Site "Gatineau"]
[Date "2015.10.06"]
[Round "4"]
[White "Jobin, Gilles G"]
[Black "Seguin, Hubert"]
[Result "0-1"]
[WhiteElo "1811"]
[BlackElo "1555"]
[PlyCount "56"]
[EventDate "2015.09.15"]
[EventType "swiss"]
[EventRounds "5"]
[EventCountry "CAN"]
[SourceTitle "EXT 2022"]
[Source "ChessBase"]
[SourceDate "2021.10.06"]
[SourceVersion "1"]
[SourceVersionDate "2021.10.06"]
[SourceQuality "1"]

1. e4 c5 2. c3 Nc6 3. d4 cxd4 4. cxd4 d5 5. exd5 Qxd5 6. Nf3 Nf6 7. Nc3 Qd8 8. Bc4 e6 9. 0-0 Be7 10. Bf4 Nd5 11. Bxd5 exd5 12. Nb5 0-0 13. Nc7 Bd6 14. Bxd6 Qxd6 15. Nxa8 Bg4 16. Nb6 axb6 17. Qd3 Qf6 18. Rfd1 Qf4 19. Qe3 Qf6 20. Rd2 Qg6 21. Ne5 Nxe5 22. Qxe5 Bf3 23. Qg3 Qh6 24. Rd3 Be4 25. Re3 f5 26. Qc7 f4 27. Rh3 Qg5 28. Qe5 Qxg2# 0-1

[Event "Gatineau Hull CC 35 Ann"]
[Site "Gatineau"]
[Date "2015.09.21"]
[Round "2"]
[White "Beaudet, Jean Luc"]
[Black "Seguin, Hubert"]
[Result "1-0"]
[WhiteElo "1757"]
[BlackElo "1555"]
[PlyCount "95"]
[EventDate "2015.09.15"]
[EventType "swiss"]
[EventRounds "5"]
[EventCountry "CAN"]
[SourceTitle "EXT 2022"]
[Source "ChessBase"]
[SourceDate "2021.10.06"]
[SourceVersion "1"]
[SourceVersionDate "2021.10.06"]
[SourceQuality "1"]

1. Nf3 d5 2. e3 Nf6 3. b3 c5 4. Bb2 Nc6 5. d4 e6 6. g3 Be7 7. Bg2 0-0 8. 0-0 b6 9. Nbd2 Bb7 10. c4 Qd7 11. cxd5 exd5 12. dxc5 bxc5 13. Qe2 a5 14. Rfd1 Qc7 15. Nb1 a4 16. Nc3 axb3 17. axb3 Rxa1 18. Rxa1 Rb8 19. Ne1 Nb4 20. Nd3 Ba6 21. Rxa6 Nxa6 22. Nxd5 Nxd5 23. Bxd5 Qb6 24. Ne5 Rd8 25. Bxf7+ Kf8 26. Qg4 Qd6 27. Bc4 Bf6 28. Bxa6 Bxe5 29. Bxe5 Qxe5 30. Bc4 Qf6 31. Qh5 Rd2 32. Qxc5+ Ke8 33. Qc8+ Ke7 34. Qc7+ Ke8 35. Bb5+ Kf8 36. Qf4 Kf7 37. Qxf6+ Kxf6 38. Kg2 Ke5 39. g4 Ke4 40. Kg3 h6 41. Bc6+ Kd3 42. b4 Rb2 43. b5 Ke2 44. e4 Rb3+ 45. Kg2 Rf3 46. e5 Rxf2+ 47. Kg3 Rf1 48. e6 1-0

[Event "CEH-ch Releve II"]
[Site "Gatineau"]
[Date "2015.04.21"]
[Round "3"]
[White "Sabourin, Yves"]
[Black "Seguin, Hubert"]
[Result "1-0"]
[WhiteElo "1427"]
[BlackElo "1590"]
[PlyCount "47"]
[EventDate "2015.04.07"]
[EventType "swiss"]
[EventRounds "6"]
[EventCountry "CAN"]
[SourceTitle "EXT 2016"]
[Source "ChessBase"]
[SourceDate "2015.10.08"]
[SourceVersion "1"]
[SourceVersionDate "2015.10.08"]
[SourceQuality "1"]

1. e4 c5 2. c3 Nc6 3. d4 cxd4 4. cxd4 d5 5. e5 Bf5 6. Nc3 e6 7. Nf3 Nb4 8. Qa4+ Qd7 9. Qxd7+ Kxd7 10. Bb5+ Kc7 11. Ba4 Rc8 12. 0-0 Nc2 13. Bxc2 Bxc2 14. Nb5+ Kb8 15. Nd6 Bxd6 16. exd6 Nf6 17. Bf4 Ka8 18. h3 Rhd8 19. Ne5 Bg6 20. Rac1 Ne4 21. d7 Rxc1 22. Rxc1 Nd6 23. Nxg6 hxg6 24. Bxd6 1-0

[Event "CEH-ch Releve II"]
[Site "Gatineau"]
[Date "2015.04.14"]
[Round "2"]
[White "Seguin, Hubert"]
[Black "Danilov, Alex"]
[Result "0-1"]
[WhiteElo "1590"]
[BlackElo "1730"]
[PlyCount "66"]
[EventDate "2015.04.07"]
[EventType "swiss"]
[EventRounds "6"]
[EventCountry "CAN"]
[SourceTitle "EXT 2016"]
[Source "ChessBase"]
[SourceDate "2015.10.08"]
[SourceVersion "1"]
[SourceVersionDate "2015.10.08"]
[SourceQuality "1"]

1. e4 e5 2. Nf3 Nc6 3. Bb5 a6 4. Ba4 d6 5. c3 Bd7 6. d4 f6 7. 0-0 g6 8. h3 Nh6 9. Nh2 Nf7 10. f4 Bg7 11. Be3 0-0 12. Nf3 Bh6 13. Qd2 Na5 14. Bb3 Nxb3 15. axb3 Qe7 16. c4 Rae8 17. Nc3 c6 18. Ra5 b5 19. Re1 Bc8 20. cxb5 axb5 21. b4 d5 22. exd5 Qxb4 23. Rea1 Nd6 24. fxe5 Bxe3+ 25. Qxe3 Nc4 26. Qh6 Nxa5 27. exf6 Rxf6 28. Ng5 Qxd4+ 29. Kh1 Re7 30. Rd1 Qc4 31. Nce4 Rf1+ 32. Kh2 cxd5 33. Ra1 dxe4 0-1

[Event "Gatineau Judith Polgar"]
[Site "Gatineau"]
[Date "2015.01.27"]
[Round "3"]
[White "Seguin, Hubert"]
[Black "Bourbonnais, Luc"]
[Result "1/2-1/2"]
[WhiteElo "1629"]
[BlackElo "1332"]
[PlyCount "70"]
[EventDate "2015.01.13"]
[EventType "swiss"]
[EventRounds "5"]
[EventCountry "CAN"]
[SourceTitle "EXT 2022"]
[Source "ChessBase"]
[SourceDate "2021.10.06"]
[SourceVersion "1"]
[SourceVersionDate "2021.10.06"]
[SourceQuality "1"]

1. e4 e5 2. Nf3 Nc6 3. Bb5 a6 4. Ba4 Nf6 5. 0-0 Be7 6. Re1 b5 7. Bb3 d6 8. h3 Na5 9. c3 Nxb3 10. axb3 0-0 11. d4 exd4 12. cxd4 Re8 13. Nbd2 Bb7 14. Qc2 Bf8 15. d5 Rc8 16. Qd3 c6 17. dxc6 Rxc6 18. Nf1 Nxe4 19. Bf4 Qb6 20. Be3 Qd8 21. Bd4 d5 22. Ne5 Rce6 23. Nf3 Nc5 24. Qd1 Rxe1 25. Nxe1 Ne4 26. Nd3 Qg5 27. Ne3 Bc8 28. Kh1 Bb4 29. Qf3 Bd6 30. Rc1 Nd2 31. Qd1 Ne4 32. Ng4 h5 33. Ne3 Bd7 34. Qf3 Nd2 35. Qd1 Ne4 1/2-1/2

[Event "Gatineau Judith Polgar"]
[Site "Gatineau"]
[Date "2015.01.13"]
[Round "1"]
[White "Seguin, Hubert"]
[Black "Berthiaume, Serge"]
[Result "0-1"]
[WhiteElo "1629"]
[BlackElo "1412"]
[PlyCount "56"]
[EventDate "2015.01.13"]
[EventType "swiss"]
[EventRounds "5"]
[EventCountry "CAN"]
[SourceTitle "EXT 2022"]
[Source "ChessBase"]
[SourceDate "2021.10.06"]
[SourceVersion "1"]
[SourceVersionDate "2021.10.06"]
[SourceQuality "1"]

1. e4 g6 2. d4 Bg7 3. f4 c5 4. Nf3 cxd4 5. Nxd4 Qb6 6. c3 Nc6 7. Nf3 d6 8. Bd3 Bg4 9. h3 Bxf3 10. Qxf3 Nf6 11. Qe2 Nd7 12. Be3 Nc5 13. 0-0 0-0 14. Na3 a6 15. Rab1 Qc7 16. Bc2 b5 17. b4 Nd7 18. c4 Bc3 19. cxb5 Nxb4 20. Bb3 Nc5 21. bxa6 Nxe4 22. Rfc1 Rxa6 23. Nb5 Qc6 24. a3 Rb8 25. Nxc3 Nxc3 26. Qd2 Nxb1 27. Rxc6 Nxd2 28. Rxa6 Nxa6 0-1

[Event "Gatineau Benevoles-B"]
[Site "Gatineau"]
[Date "2014.09.16"]
[Round "2"]
[White "Seguin, Hubert"]
[Black "Raymond, Daniel"]
[Result "0-1"]
[WhiteElo "1570"]
[BlackElo "1641"]
[PlyCount "102"]
[EventDate "2014.09.09"]
[EventType "swiss"]
[EventRounds "5"]
[EventCountry "CAN"]
[SourceTitle "EXT 2016"]
[Source "ChessBase"]
[SourceDate "2015.10.08"]
[SourceVersion "1"]
[SourceVersionDate "2015.10.08"]
[SourceQuality "1"]

1. e4 c5 2. Nc3 Nc6 3. g3 g6 4. Bg2 Bg7 5. d3 d6 6. f4 e6 7. Nge2 Nge7 8. Be3 Bd7 9. Qd2 Nd4 10. Nd1 e5 11. c3 Bh3 12. 0-0 Bxg2 13. Kxg2 Nxe2 14. Qxe2 exf4 15. Bxf4 0-0 16. Ne3 Qd7 17. Nd5 Rae8 18. Qd2 Nxd5 19. exd5 Re7 20. Rae1 Rfe8 21. Rxe7 Qxe7 22. Kf2 Be5 23. Bxe5 Qxe5 24. Qf4 Qxd5 25. Rd1 Qxa2 26. Rd2 Qe6 27. d4 Qe1+ 28. Kf3 Qf1+ 29. Rf2 Qd3+ 30. Kg2 Qe4+ 31. Kg1 Qxf4 32. Rxf4 Re2 33. dxc5 dxc5 34. b4 cxb4 35. Rxb4 b6 36. Ra4 Rc2 37. c4 a5 38. g4 g5 39. h3 Kg7 40. Kf1 Kf6 41. Ke1 Rc3 42. Kd2 Rxh3 43. c5 bxc5 44. Rxa5 c4 45. Rf5+ Kg6 46. Rc5 c3+ 47. Kc2 Rg3 48. Rc4 f6 49. Kb3 h5 50. gxh5+ Kxh5 51. Kb4 Rg4 0-1

[Event "Outaouais-ch reserve"]
[Site "Gatineau"]
[Date "2014.04.29"]
[Round "3"]
[White "Berthiaume, Serge"]
[Black "Seguin, Hubert"]
[Result "0-1"]
[WhiteElo "1502"]
[BlackElo "1611"]
[PlyCount "100"]
[EventDate "2014.04.14"]
[EventType "swiss"]
[EventRounds "6"]
[EventCountry "CAN"]
[SourceTitle "EXT 2022"]
[Source "ChessBase"]
[SourceDate "2021.10.06"]
[SourceVersion "1"]
[SourceVersionDate "2021.10.06"]
[SourceQuality "1"]

1. d4 d5 2. Nf3 Nf6 3. Bf4 Bf5 4. Nc3 c6 5. Nh4 e6 6. Nxf5 exf5 7. e3 Bd6 8. Bg5 h6 9. Bxf6 Qxf6 10. Bd3 Nd7 11. Ne2 0-0 12. c3 Rfe8 13. Qd2 f4 14. 0-0-0 fxe3 15. fxe3 Qe7 16. Qc2 Qxe3+ 17. Kb1 Nf6 18. Rhf1 Ne4 19. Rf3 Qg5 20. g3 Re7 21. Nf4 Rae8 22. a3 Qg4 23. Rdf1 Ng5 24. R3f2 Re1+ 25. Ka2 Rxf1 26. Rxf1 Ne4 27. Be2 Qd7 28. c4 Bxf4 29. Rxf4 g5 30. Bg4 Qd6 31. Rf3 dxc4 32. Bh5 Re7 33. Bxf7+ Rxf7 34. Rxf7 Kxf7 35. Qxe4 Qg6 36. Qe3 Qe6 37. Qf3+ Ke7 38. Qc3 b5 39. Qb4+ Kf6 40. Qf8+ Kg6 41. Ka1 Qe1+ 42. Ka2 Qe6 43. Kb1 Qf5+ 44. Qxf5+ Kxf5 45. Kc2 Ke4 46. Kc3 Ke3 47. a4 a6 48. a5 h5 49. h3 g4 50. h4 Ke4 0-1

[Event "Outaouais-ch reserve"]
[Site "Gatineau"]
[Date "2014.04.14"]
[Round "1"]
[White "Raymond, Robert"]
[Black "Seguin, Hubert"]
[Result "0-1"]
[WhiteElo "1374"]
[BlackElo "1611"]
[PlyCount "94"]
[EventDate "2014.04.14"]
[EventType "swiss"]
[EventRounds "6"]
[EventCountry "CAN"]
[SourceTitle "EXT 2022"]
[Source "ChessBase"]
[SourceDate "2021.10.06"]
[SourceVersion "1"]
[SourceVersionDate "2021.10.06"]
[SourceQuality "1"]

1. e4 c5 2. d3 d6 3. Nc3 g6 4. g3 Bg7 5. Bg2 Nc6 6. Nge2 e6 7. 0-0 Nge7 8. f4 0-0 9. Kh1 Rb8 10. Rb1 b5 11. a3 a5 12. Bd2 Bd7 13. Na2 b4 14. axb4 axb4 15. c3 bxc3 16. Naxc3 Nd4 17. Bc1 Qb6 18. Qd2 Nec6 19. e5 dxe5 20. Na4 Qb5 21. Nac3 Qb3 22. Qd1 Qxd1 23. Rxd1 Nxe2 24. Nxe2 exf4 25. Bxf4 e5 26. Be3 Nd4 27. Nc3 Rb3 28. Ne4 Rc8 29. Nd6 Rc7 30. Nc4 Bb5 31. Bd5 Rd7 32. Bxd4 Rxd5 33. Na5 Rxd3 34. Rxd3 Bxd3 35. Rd1 cxd4 36. Nc6 Kf8 37. Nb4 Rb5 38. Nxd3 f5 39. Rb1 e4 40. Nf4 Kf7 41. g4 Be5 42. Ne2 d3 43. Ng3 Rxb2 44. Rf1 Bxg3 45. hxg3 Ke6 46. gxf5+ gxf5 47. g4 fxg4 0-1

[Event "Gatineau CC-ch semi rapid"]
[Site "Gatineau"]
[Date "2014.03.25"]
[Round "4"]
[White "Scantland, Patrick"]
[Black "Seguin, Hubert"]
[Result "1-0"]
[WhiteElo "1628"]
[BlackElo "1560"]
[PlyCount "44"]
[EventDate "2014.03.25"]
[EventType "swiss (rapid)"]
[EventRounds "6"]
[EventCountry "CAN"]
[SourceTitle "EXT 2022"]
[Source "ChessBase"]
[SourceDate "2021.10.06"]
[SourceVersion "1"]
[SourceVersionDate "2021.10.06"]
[SourceQuality "1"]

1. d4 d5 2. Nf3 Nf6 3. c4 c6 4. Nc3 Bf5 5. cxd5 cxd5 6. Qb3 b6 7. Bg5 e6 8. e3 Be7 9. Bb5+ Nbd7 10. Ne5 0-0 11. 0-0 Nxe5 12. dxe5 Nd7 13. Bxe7 Qxe7 14. f4 Rac8 15. Bxd7 Qxd7 16. Nb5 Bc2 17. Qb4 Bd3 18. Nd6 Rc4 19. Nxc4 Bxf1 20. Nd6 Bd3 21. Qc3 Be4 22. Rd1 f6 1-0